00717nam a2200193 a 450000100100000000500170001000800410002702000150006804000250008308200160010824500870012426000530021130000210026450400730028550400280035804900090038695201130039599900150050800000538920200929151649.0090819s1983 sp 000 0 spa d a8400055446 aDO-SdBNPbspacBNPHU axxxxbC396e00aCenso de escritores al servicio de los Austrias y otros estudios bibliográficos. aMadrid, :bInstituto Miguel de Cervantes,c1983. a187 p. ;c24 cm. aIncluye referencias bibliográficas y notas al pie de las páginas aIncluye bibliografías aBNPD 001050718MOaGRbGRcHDd2009-08-19iLF1l0oxxxx C396ep5389-10r2020-06-25w2020-06-25y1ZNo se presta c5189d5189